|
|
|
|
| LEADER |
00000cam a2200000 a 4500 |
| 001 |
UCE9315 |
| 003 |
CL-VaPUC |
| 008 |
151016e20130000ec |||||||||||||||||spa|d |
| 020 |
|
|
|a 9789978494943
|
| 082 |
0 |
4 |
|a Ec863
|b COR
|2 21
|
| 100 |
0 |
|
|a Córdova, Soledad
|e author
|9 582124
|
| 700 |
0 |
|
|a Trejo, Vladimir
|e author
|9 582125
|
| 245 |
1 |
0 |
|a Estoy harta de todos!: conversaciones con un gato
|
| 250 |
|
|
|a 1a. ed
|
| 300 |
|
|
|a 124 p
|
| 942 |
|
|
|c BK
|
| 945 |
|
|
|d 20151016 11:50:00
|a dcastane
|
| 260 |
|
|
|a Quito
|b Libresa
|c 2013
|
| 650 |
|
0 |
|a Cuentos ecuatorianos
|9 346626
|
| 650 |
|
7 |
|a LITERATURA ECUATORIANA
|2 CL-VaPUC
|9 419346
|
| 650 |
|
0 |
|a Literatura infantil
|9 307465
|
| 583 |
|
|
|a last modification
|c 20151016 11:50:00
|k Rodrigo Vera
|
| 999 |
|
|
|c 360984
|d 360982
|